[Event "SRB-chT Central"]
[Site "Kraljevo"]
[Date "2011.09.22"]
[Round "8"]
[White "Bojkov, Dejan"]
[Black "Markovic, Zoran S"]
[Result "1-0"]
[WhiteElo "2541"]
[BlackElo "2364"]
[PlyCount "71"]
[EventDate "2011.09.17"]
[EventType "team-tourn"]
[EventRounds "11"]
[EventCountry "SRB"]
[SourceTitle "CBM 144 Extra"]
[Source "ChessBase"]
[SourceDate "2011.10.28"]
[SourceVersion "1"]
[SourceVersionDate "2011.10.28"]
[SourceQuality "1"]
[WhiteTeam "Jasenica"]
[BlackTeam "Sloga"]
[WhiteTeamCountry "YUG"]
[BlackTeamCountry "YUG"]

1. e4 c5 2. c3 e5 3. Nf3 Nc6 4. Bc4 Qc7 5. 0-0 Be7 6. d4 cxd4 7. Bb3 Bc5 8. cxd4 Nxd4 9. Nxd4 exd4 10. Nd2 Ne7 11. Nf3 Qb6 12. Ne5 0-0 13. Qf3 d5 14. exd5 Ng6 15. Nxg6 hxg6 16. Bf4 a5 17. Rac1 a4 18. Bc4 Bd7 19. Qg3 Rac8 20. b3 axb3 21. Bxb3 Ba3 22. Rc7 Rxc7 23. Bxc7 Qa6 24. Be5 d3 25. d6 Bf5 26. Rd1 Rd8 27. Qg5 Re8 28. Qf4 Qb5 29. Bc3 Qc5 30. d7 Rd8 31. g4 Qxc3 32. gxf5 g5 33. Qe4 Qb4 34. Qe8+ Kh7 35. Rxd3 Qg4+ 36. Rg3 1-0

[Event "SRB-chT Central"]
[Site "Kraljevo"]
[Date "2011.09.21"]
[Round "7"]
[White "Misailovic, Nebojsa"]
[Black "Bojkov, Dejan"]
[Result "0-1"]
[WhiteElo "2301"]
[BlackElo "2541"]
[PlyCount "122"]
[EventDate "2011.09.17"]
[EventType "team-tourn"]
[EventRounds "11"]
[EventCountry "SRB"]
[SourceTitle "CBM 144 Extra"]
[Source "ChessBase"]
[SourceDate "2011.10.28"]
[SourceVersion "1"]
[SourceVersionDate "2011.10.28"]
[SourceQuality "1"]
[WhiteTeam "Sloboda"]
[BlackTeam "Jasenica"]
[WhiteTeamCountry "YUG"]
[BlackTeamCountry "YUG"]

1. e4 e5 2. Nf3 Nc6 3. Bb5 a6 4. Ba4 Nf6 5. 0-0 Be7 6. Re1 b5 7. Bb3 d6 8. c3 0-0 9. h3 Na5 10. Bc2 c5 11. d4 Qc7 12. Nbd2 Bd7 13. d5 g6 14. Nf1 Nh5 15. Kh2 c4 16. Bh6 Ng7 17. Qd2 Nb7 18. Rad1 f6 19. Ng1 Nd8 20. Be3 Nf7 21. Ne2 f5 22. f4 Rae8 23. Nfg3 Bh4 24. Rf1 exf4 25. Rxf4 g5 26. Rxf5 Bxf5 27. exf5 Qe7 28. Bd4 Ne5 29. Rf1 g4 30. Qf4 Bg5 31. Qe4 Qf6 32. Nf4 Bxf4 33. Qxf4 Qh4 34. Kg1 Nh5 35. Nxh5 Qxh5 36. hxg4 Qh4 37. g5 Qxf4 38. Rxf4 Nd3 39. Rf1 Nxb2 40. f6 Nd3 41. Bd1 Re4 42. Bb6 Ne5 43. Bh5 Nf7 44. g6 hxg6 45. Bxg6 Re5 46. Rf3 Rfe8 47. Bd4 Rxd5 48. Bf2 Rg5 49. Bf5 Ne5 50. Rf4 Kf7 51. Bd4 Nd3 52. Rf1 Re2 53. g4 Ne5 54. Rf4 Rxa2 55. Kf1 Rh2 56. Be4 Nxg4 57. Bf3 Ne5 58. Bd5+ Kf8 59. Bb6 Nd3 60. Bd8 Nxf4 61. Be7+ Ke8 0-1

[Event "SRB-chT Central"]
[Site "Kraljevo"]
[Date "2011.09.20"]
[Round "5.3"]
[White "Mista, Aleksander"]
[Black "Bojkov, Dejan"]
[Result "1-0"]
[WhiteElo "2561"]
[BlackElo "2541"]
[PlyCount "69"]
[EventDate "2011.09.17"]
[EventType "team-tourn"]
[EventRounds "11"]
[EventCountry "SRB"]
[SourceTitle "CBM 144 Extra"]
[Source "ChessBase"]
[SourceDate "2011.10.28"]
[SourceVersion "1"]
[SourceVersionDate "2011.10.28"]
[SourceQuality "1"]
[WhiteTeam "Jelica"]
[BlackTeam "Jasenica"]
[WhiteTeamCountry "YUG"]
[BlackTeamCountry "YUG"]

1. Nf3 Nf6 2. c4 g6 3. g3 Bg7 4. Bg2 0-0 5. 0-0 d6 6. Nc3 e5 7. d3 Nbd7 8. Rb1 Re8 9. Nd2 a5 10. a3 h5 11. b4 axb4 12. axb4 h4 13. Nde4 Nh7 14. Qd2 Ndf8 15. c5 Be6 16. cxd6 cxd6 17. gxh4 d5 18. Ng5 d4 19. Nce4 Bd5 20. f4 f5 21. Ng3 Bxg2 22. Kxg2 Qd5+ 23. Kg1 Nxg5 24. hxg5 Ne6 25. fxe5 Bxe5 26. Qd1 Ra2 27. Rf2 Rc8 28. Nf1 Rac2 29. e4 Qa2 30. Rb2 Rxb2 31. Rxb2 Qa1 32. Qb3 Qa6 33. exf5 gxf5 34. Re2 Qd6 35. Bf4 1-0

[Event "SRB-chT Central"]
[Site "Kraljevo"]
[Date "2011.09.17"]
[Round "1"]
[White "Bojkov, Dejan"]
[Black "Pantelic, Sasa"]
[Result "1/2-1/2"]
[WhiteElo "2541"]
[BlackElo "2334"]
[PlyCount "157"]
[EventDate "2011.09.17"]
[EventType "team-tourn"]
[EventRounds "11"]
[EventCountry "SRB"]
[SourceTitle "CBM 144 Extra"]
[Source "ChessBase"]
[SourceDate "2011.10.28"]
[SourceVersion "1"]
[SourceVersionDate "2011.10.28"]
[SourceQuality "1"]
[WhiteTeam "Jasenica"]
[BlackTeam "Sabac"]
[WhiteTeamCountry "YUG"]
[BlackTeamCountry "YUG"]

1. e4 c5 2. Nf3 d6 3. Bb5+ Bd7 4. Bxd7+ Nxd7 5. 0-0 Ngf6 6. Qe2 e6 7. b3 Be7 8. Bb2 0-0 9. c4 Re8 10. d4 d5 11. Nbd2 dxe4 12. Nxe4 cxd4 13. Bxd4 Nxe4 14. Qxe4 Qc7 15. Rad1 Bf6 16. Rd2 Bxd4 17. Qxd4 Nf6 18. Rfd1 e5 19. Qe3 e4 20. Nh4 Ng4 21. Qg3 Qxg3 22. fxg3 g6 23. h3 Nf6 24. g4 h6 25. g3 Re5 26. Ng2 Rae8 27. Ne3 Kg7 28. Kf2 h5 29. gxh5 Rxh5 30. Kg2 b5 31. Rd6 bxc4 32. Rf1 Re6 33. Rxe6 fxe6 34. Nxc4 Rd5 35. Rf2 Rd3 36. Re2 Nh5 37. Re3 Rd4 38. Kf2 Nf6 39. Re2 Nd5 40. Ne5 a6 41. Nc6 Rd1 42. Rxe4 Kf6 43. Nd4 Rd2+ 44. Ke1 Rxa2 45. Rxe6+ Kf7 46. Re2 Ra1+ 47. Kf2 a5 48. Re5 Nc3 49. Kf3 a4 50. Rc5 a3 51. Rxc3 a2 52. Kg4 Rd1 53. Rc7+ Kf6 54. Rc6+ Kf7 55. Nc2 Rc1 56. Rc7+ Kf6 57. Ra7 Rxc2 58. h4 Rd2 59. Ra6+ Kg7 60. Kg5 Rd5+ 61. Kf4 Rd4+ 62. Ke5 Rb4 63. Rxa2 Rb5+ 64. Kf4 Rb4+ 65. Kg5 Rb5+ 66. Kg4 Rb4+ 67. Kh3 Rxb3 68. Ra5 Rc3 69. Kg4 Rb3 70. Kf4 Rc3 71. g4 Rc7 72. Rd5 Ra7 73. Ke5 Re7+ 74. Kd6 Re4 75. g5 Rxh4 76. Ke5 Ra4 77. Rd7+ Kf8 78. Ke6 Rf4 79. Rd8+ 1/2-1/2